| 000 | 00814nac a22002297a 4500 | ||
|---|---|---|---|
| 001 | BR7805930 | ||
| 003 | BR-BrBNA | ||
| 005 | 20240105114313.0 | ||
| 008 | 230509b bl.|||m| |||| 00| 0 por d | ||
| 040 |
_aBR-BrBNA _bpor _cBiblioteca Nacional de Agricultura |
||
| 072 | _aQ30 | ||
| 090 | _a9910 BR7805930 | ||
| 100 | 1 | _aDoria, J.O. de A. | |
| 110 | 1 |
_aInstituto Brasileiro do Cafe, Rio de Janeiro, RJ (Brasil). Coord. de Estudos da Economia Cafeeira _95881 |
|
| 245 | 1 | _aEmbalagem de cafe torrado e ou moido | |
| 260 | 3 |
_aRio de Janeiro, RJ (Brasil): _c1978. |
|
| 300 | _a7 p. | ||
| 490 |
_aEstudos Especiais - Instituto Brasileiro do Cafe. Coord. de Estudos da Economia Cafeeira (Brazil) _vv. 1(2) _x |
||
| 650 | _aCAFE TRATADO | ||
| 909 |
_a202312 _bLúcia Elande _c55 _dLúcia Elande |
||
| 942 |
_2AGRIS _n0 _cMS |
||
| 999 |
_c268567 _d268567 |
||